Classical communication for the contemporary communicator / (Record no. 9613)
[ view plain ]
| 000 -LEADER | |
|---|---|
| fixed length control field | 00636pam a2200217 a 4500 |
| 001 - CONTROL NUMBER | |
| control field | 2960215 |
| 005 - DATE AND TIME OF LATEST TRANSACTION | |
| control field | 20260424130408.0 |
| 008 - FIXED-LENGTH DATA ELEMENTS--GENERAL INFORMATION | |
| fixed length control field | 910515s1992 cauc b 001 0 eng |
| 020 ## - INTERNATIONAL STANDARD BOOK NUMBER | |
| International Standard Book Number | 1559340339 |
| 020 ## - INTERNATIONAL STANDARD BOOK NUMBER | |
| International Standard Book Number | 9781559340335 |
| 050 00 - LIBRARY OF CONGRESS CALL NUMBER | |
| Classification number | PN4121 |
| Item number | .R9 1991 |
| 082 00 - DEWEY DECIMAL CLASSIFICATION NUMBER | |
| Classification number | 808.5/1 |
| Edition information | 20 |
| 100 1# - MAIN ENTRY--PERSONAL NAME | |
| Personal name | Ryan, Halford Ross. |
| 245 10 - TITLE STATEMENT | |
| Title | Classical communication for the contemporary communicator / |
| Statement of responsibility, etc. | Halford Ryan. |
| 260 ## - PUBLICATION, DISTRIBUTION, ETC. | |
| Place of publication, distribution, etc. | Mountain View, Calif. : |
| Name of publisher, distributor, etc. | Mayfield Pub. Co., |
| Date of publication, distribution, etc. | 1992. |
| 300 ## - PHYSICAL DESCRIPTION | |
| Extent | xi, 244 p. : |
| Other physical details | ports. ; |
| Dimensions | 24 cm. |
| 650 #0 - SUBJECT ADDED ENTRY--TOPICAL TERM | |
| Topical term or geographic name entry element | Public speaking. |
| 650 #0 - SUBJECT ADDED ENTRY--TOPICAL TERM | |
| Topical term or geographic name entry element | Oral communication. |
| 650 #0 - SUBJECT ADDED ENTRY--TOPICAL TERM | |
| Topical term or geographic name entry element | Oratory. |
| 942 ## - ADDED ENTRY ELEMENTS (KOHA) | |
| Source of classification or shelving scheme | Library of Congress Classification |
| Koha item type | Books |
| Suppress in OPAC | No |
| 999 ## - | |
| -- | 9613 |
| -- | 9613 |
| Withdrawn status | Lost status | Source of classification or shelving scheme | Damaged status | Not for loan | Collection | Home library | Current library | Shelving location | Date acquired | Total checkouts | Full call number | Barcode | Date last seen | Copy number | Price effective from | Koha item type |
|---|---|---|---|---|---|---|---|---|---|---|---|---|---|---|---|---|
| Library of Congress Classification | Non-fiction | Business Library (Miotso) | Business Library (Miotso) | General stacks | 04/24/2026 | PN4121 .R9 1991 | BSSM00003816 | 04/24/2026 | 1 | 04/24/2026 | Books | |||||
| Library of Congress Classification | Non-fiction | Business Library (Miotso) | Business Library (Miotso) | General stacks | 04/24/2026 | PN4121 .R9 1991 | BSSM00003817 | 04/24/2026 | 2 | 04/24/2026 | Books | |||||
| Library of Congress Classification | Non-fiction | Business Library (Miotso) | Business Library (Miotso) | General stacks | 04/24/2026 | PN4121 .R9 1991 | BSSM00003818 | 04/24/2026 | 3 | 04/24/2026 | Books | |||||
| Library of Congress Classification | Non-fiction | Business Library (Miotso) | Business Library (Miotso) | General stacks | 04/28/2026 | PN4121 .R9 1991 | BSSM00004008 | 04/28/2026 | 4 | 04/28/2026 | Books |